Influencia de la luna en la agricultura : y otros temas de principal interés para el campesino y gentes de la ciudad /
Guardado en:
| Autor Principal: | |
|---|---|
| Formato: | Libro |
| Publicado: |
Madrid :
Mundi-prensa,
1993
|
| Edición: | 5ª ed. |
| Series: | Agroguías mundi-prensa
|
| Materias: | |
| Etiquetas: |
Agregar Etiqueta
Sin Etiquetas, Sea el primero en etiquetar este registro!
|
| LEADER | 01651nam a22002175a 4500 | ||
|---|---|---|---|
| 001 | CEM.cems017371 | ||
| 005 | 20170301112107.0 | ||
| 008 | 130507s1993##################000#0#####d | ||
| 003 | CEMS | ||
| 020 | |a 8471144360 | ||
| 082 | 0 | 4 | |a 630 |
| 100 | 1 | |a Anglés I Farrerons, Josep M. | |
| 245 | 1 | 0 | |a Influencia de la luna en la agricultura : |b y otros temas de principal interés para el campesino y gentes de la ciudad / |c Josep M. Anglés I Farrerons |
| 250 | |a 5ª ed. | ||
| 260 | |a Madrid : |b Mundi-prensa, |c 1993 | ||
| 300 | |a 144 p. | ||
| 490 | 0 | |a Agroguías mundi-prensa | |
| 505 | 0 | |a Luna vieja, luna nueva -- Influencia de la luna en el hombre -- Las gallinas, la luna y otras custiones -- Influencia de la luna en el ganado y caballerías -- Influencia de la luna en los peces -- Influencia de la luna en la vid y el vino -- Influencia de la luna en fruticultura -- Influencia de la luna en los cereales -- Influencia de la luna en los cereales -- Influencia de la luna en el olivo -- Recolección de forrajes -- Tala de árboles -- Influencia en el estiercol que abonará nuestro campo -- La luna y el agua de los pozos -- Limpieza de los depósitos de agua y piscinas -- El amor, los cultivos y la luna -- Predicción del tiempo por las señales de la naturaleza -- Influencia de la luna en la horticutlura -- Agricultura increíble -- Fitopatología pintoresca -- De interés para el campesino, su familia y su perro -- La Noche de San Juan y los extraordinarios sucesos que de ella se prometen. | |
| 653 | |a Horticultura -- horticultura-influencia de la luna | ||
| 859 | |a CEMS |b BIB. CEMS - Agricultura |h 630 |i An41 |p A18751.95 |t Ej.1 | ||
| 859 | |a CEMS |b BIB. CEMS | ||
